[Event "Dhaka IRT U2000"]
[Site "Dhaka"]
[Date "2018.02.14"]
[Round "1"]
[White "Md Anik, Faysal"]
[Black "Md Jamal, Uddin"]
[Result "0-1"]
[WhiteElo "1670"]
[BlackElo "1954"]
[PlyCount "148"]
[EventDate "2018.02.14"]
[EventType "swiss"]
[EventRounds "9"]
[EventCountry "BAN"]
[SourceTitle "EXT 2024"]
[Source "ChessBase"]
[SourceDate "2023.10.10"]
[SourceVersion "1"]
[SourceVersionDate "2023.10.10"]
[SourceQuality "1"]

1. Nf3 Nf6 2. d4 e6 3. e3 d5 4. Bd3 Be7 5. 0-0 0-0 6. Nbd2 c5 7. b3 Nc6 8. Bb2 h6 9. a3 b6 10. Qe2 Bb7 11. Rac1 a5 12. Bb5 Na7 13. Bd3 Nc6 14. Bb5 Na7 15. Bd3 Nc6 16. Bb5 Na7 17. Bd3 a4 18. Ne5 axb3 19. cxb3 Nc6 20. Nxc6 Bxc6 21. dxc5 bxc5 22. Bxf6 Bxf6 23. Rxc5 Qb6 24. Rfc1 Bd7 25. a4 Bb2 26. R1c2 Ba3 27. Rc7 Rfd8 28. Bb5 Bxb5 29. Qxb5 Qxb5 30. axb5 Rab8 31. g3 Rxb5 32. Rc8 Rxc8 33. Rxc8+ Kh7 34. Rc7 Kg6 35. Kg2 Kf6 36. h4 Bb4 37. Nf3 Ba5 38. Nd4 Rxb3 39. Rxf7+ Kxf7 40. Nxb3 Bb6 41. g4 e5 42. Kg3 Ke6 43. Kf3 Kd6 44. Ke2 g5 45. hxg5 hxg5 46. f3 Kc6 47. Kd3 Bc7 48. Nd2 Ba5 49. Nf1 Bc7 50. e4 d4 51. Ng3 Bd6 52. Nf5 Bf8 53. Kc4 Ba3 54. Nh6 Bc1 55. Nf5 Bf4 56. Ne7+ Kd6 57. Nd5 Bd2 58. Nf6 Ba5 59. Ne8+ Kc6 60. Ng7 Bd8 61. Nf5 Bf6 62. Nh6 Kb6 63. Nf7 Ka5 64. Nh6 Ka4 65. Nf5 Ka3 66. Nd6 Kb2 67. Kd3 Kc1 68. Nc4 Kd1 69. Nd2 Ke1 70. Nc4 Kf2 71. Nd2 Bd8 72. Nc4 Bc7 73. Nd2 Bb8 74. Nc4 Kxf3 0-1

[Event "BAN-chT2"]
[Site "Dhaka"]
[Date "2016.11.03"]
[Round "1.1"]
[White "Ghosh, Chanchal Kumer"]
[Black "Md Anik, Faysal"]
[Result "1-0"]
[WhiteElo "2139"]
[BlackElo "1706"]
[PlyCount "57"]
[EventDate "2016.11.03"]
[EventType "team-swiss"]
[EventRounds "7"]
[EventCountry "BAN"]
[SourceTitle "CBM 175 Extra"]
[Source "ChessBase"]
[SourceDate "2016.12.12"]
[SourceVersion "1"]
[SourceVersionDate "2016.12.12"]
[SourceQuality "1"]
[WhiteTeam "Janata Bank Officer Welfare"]
[BlackTeam "Creative CC"]
[WhiteTeamCountry "BAN"]
[BlackTeamCountry "BAN"]

1. e4 c5 2. Nf3 d6 3. c3 Nf6 4. Bc4 Nc6 5. d3 e6 6. 0-0 Be7 7. Re1 0-0 8. Bb3 Qc7 9. h3 a6 10. Nbd2 b5 11. d4 c4 12. Bc2 e5 13. Nf1 Re8 14. Ne3 Bf8 15. Nd5 Nxd5 16. exd5 Ne7 17. dxe5 Ng6 18. e6 fxe6 19. Ng5 e5 20. Qh5 Be7 21. Qxh7+ Kf8 22. Bxg6 Bxg5 23. Bxg5 Qf7 24. Bxf7 Kxf7 25. Re3 e4 26. Rxe4 Re5 27. Bh6 Ke8 28. Rxe5+ dxe5 29. Qxg7 1-0